000 00759nam a22002417a 4500
999 _c10013
_d10013
003 AR-CdUCM
008 190329b ||||| |||| 00| 0 spa d
040 _aMUNICIPALIDAD PROVINCIAL DEL CUSCO
_cBIBLIOTECA MUNICIPAL DEL CUSCO
041 _heng
082 _aES / 800 /
_bD66
100 _aDickens, Charles
_9500
245 _aEl grillo del hogar /
260 _aArgentina :
_bEdiciones Peuser,
_c1960.
300 _a190 páginas ;
_bIlustraciones,
_c20 cm.
440 _aColección lecturas recreativas
_926612
505 _aContenido: Literatura universal.
650 _aLiteratura universal
_9611
650 _aAventura
_91719
650 _aFicción
_9184
700 _aEchavarri, Luis (traducción)
_917724
942 _2ddc
_cLIBROS
945 _adavv